Final Jeopardy Questions Matt Amodio Got Wrong - Statistics

General Stats
  • This quiz has been taken 57 times
  • The average score is 5 of 10
Answer Stats
Hint Answer % Correct
The first published announcement of the Declaration was by a Philadelphia paper that reported it in this foreign language German
85%
Nazi Germany annexed this nation & divided it into regions of the Alps & the Danube; the Allies later divided it into 4 sectors Austria
81%
In the King James Version, these creatures are a plague in Exodus 10, but deemed okay to eat in Leviticus 11 Locusts
74%
The use of red, yellow & green as Pan-African colors began with the flag of this nation, the continent's oldest independent country Ethiopia
66%
A penguin species found in southern South America is named for this 16th century man whose crew were the first from Europe to see them Ferdinand Magellan
49%
These are the 2 of a reporter's 5 W's that are not on the baseball team in Abbott & Costello's "Who's on First?" Where & When
40%
This owner of a large estate in Derbyshire is described as "proud" at least half a dozen times Mr. Fitzwilliam Darcy
32%
Following Messidor, this summer month in the 18th century French Revolutionary calendar had a name meaning "heat gift" Thermidor
32%
The Dip used to kill characters in this 1988 film consisted of acetone, benzene & turpentine, ingredients of paint thinner Who Framed Roger Rabbit?
32%
Born in the village of Waldorf, Germany in 1763, he arrived in the U.S. in 1784 John Jacob Astor
28%
No matching quizzes found
Score Distribution
Percent of People with Each Score
Percentile by Number Answered
Your Score History
You have not taken this quiz